[Event "Jaffna op"]
[Site "Jaffna"]
[Date "2023.12.10"]
[Round "6"]
[White "Liyanage, Ranindu Dilshan"]
[Black "Gowsalyan, S."]
[Result "1-0"]
[WhiteElo "2400"]
[BlackElo "1438"]
[PlyCount "59"]
[EventDate "2023.12.08"]
[EventType "swiss"]
[EventRounds "10"]
[EventCountry "SRI"]
[SourceTitle "CB51_2023"]
[SourceDate "2023.12.20"]
[SourceVersion "1"]
[SourceVersionDate "2023.12.20"]
[SourceQuality "1"]

1. c4 e5 2. Nc3 Nc6 3. Nf3 Nf6 4. e4 Bc5 5. Nxe5 Nxe5 6. d4 Bxd4 7. Qxd4 d6 8. Be2 h6 9. 0-0 0-0 10. b3 Qe7 11. Bb2 Nc6 12. Nd5 Qe5 13. Qxe5 dxe5 14. Nxc7 Rb8 15. f3 Bd7 16. Rfd1 Rfd8 17. Rd2 Ne8 18. Nd5 Be6 19. Rad1 Rd7 20. a3 Rbd8 21. b4 a6 22. b5 axb5 23. cxb5 Bxd5 24. Rxd5 Rxd5 25. exd5 Ne7 26. Bxe5 Rxd5 27. Rxd5 Nxd5 28. Bc4 Nec7 29. a4 b6 30. a5 1-0

[Event "Colombo Katubedda op"]
[Site "Colombo"]
[Date "2023.06.30"]
[Round "3"]
[White "Gowsalyan, S."]
[Black "Dissanayake, RKT"]
[Result "0-1"]
[WhiteElo "1381"]
[BlackElo "1882"]
[PlyCount "130"]
[EventDate "2023.06.29"]
[EventType "swiss"]
[EventRounds "9"]
[EventCountry "SRI"]
[SourceTitle "EXT 2024"]
[Source "ChessBase"]
[SourceDate "2023.10.10"]
[SourceVersion "1"]
[SourceVersionDate "2023.10.10"]
[SourceQuality "1"]

1. d4 Nf6 2. Bf4 g6 3. Nc3 d5 4. e3 Bg7 5. h4 a6 6. a4 Nc6 7. Nf3 Bg4 8. Be2 Nh5 9. Ne5 Bxe2 10. Nxe2 Nxf4 11. exf4 Qd6 12. c3 f6 13. Nxc6 Qxc6 14. h5 0-0-0 15. h6 Bf8 16. Qd3 Re8 17. 0-0 e5 18. dxe5 fxe5 19. Rfd1 Bd6 20. fxe5 Rxe5 21. Nd4 Qd7 22. c4 dxc4 23. Qxc4 Qg4 24. Rac1 Rc5 25. Qe6+ Qxe6 26. Nxe6 Rxc1 27. Rxc1 Re8 28. Nc5 Bf4 29. Rd1 Bxh6 30. g3 Bf8 31. Nd3 Bd6 32. Kg2 Kd7 33. Nf4 Re4 34. Nd5 Rxa4 35. Nf6+ Ke6 36. Nxh7 Be7 37. f4 Rb4 38. Rd2 Rb5 39. g4 Rd5 40. Rc2 c6 41. Kf3 Kf7 42. Re2 Rd3+ 43. Ke4 Rh3 44. Ng5+ Bxg5 45. fxg5 Rg3 46. Kf4 Rd3 47. Rh2 Kg7 48. Re2 Rd4+ 49. Ke5 Rxg4 50. Kd6 Rxg5 51. Re7+ Kf6 52. Rxb7 Rb5 53. Ra7 Rxb2 54. Rxa6 Re2 55. Ra8 Re6+ 56. Kd7 c5 57. Rf8+ Ke5 58. Rc8 Rd6+ 59. Ke7 Kd5 60. Ra8 Rc6 61. Ra5 g5 62. Ra1 c4 63. Rg1 c3 64. Rxg5+ Kc4 65. Kd7 Rh6 0-1

[Event "SRI-chB"]
[Site "Mount Lavinia"]
[Date "2022.03.17"]
[Round "4"]
[White "De Silva, Osheen"]
[Black "Gowsalyan, S."]
[Result "1/2-1/2"]
[WhiteElo "1769"]
[BlackElo "1402"]
[PlyCount "106"]
[EventDate "2022.03.16"]
[EventType "swiss"]
[EventRounds "10"]
[EventCountry "SRI"]
[SourceTitle "EXT 2023"]
[Source "ChessBase"]
[SourceDate "2022.10.05"]
[SourceVersion "1"]
[SourceVersionDate "2022.10.05"]
[SourceQuality "1"]

1. e4 e6 2. d4 d5 3. Nc3 Bb4 4. e5 Ne7 5. a3 Bxc3+ 6. bxc3 c5 7. Qg4 Nbc6 8. Qxg7 Rg8 9. Qxh7 cxd4 10. f4 Qa5 11. Ne2 dxc3 12. h4 Bd7 13. h5 0-0-0 14. h6 Rdf8 15. Qd3 Rg6 16. Qxc3 Rh8 17. Qxa5 Nxa5 18. Nd4 Rgxh6 19. Rxh6 Rxh6 20. Bd2 Nc4 21. 0-0-0 Rh1 22. Bd3 Rxd1+ 23. Kxd1 Nb2+ 24. Ke2 Nxd3 25. Kxd3 a6 26. g4 Nc6 27. Nf3 Kd8 28. Ng5 Be8 29. Bb4 Nxb4+ 30. axb4 Ke7 31. Nh7 b6 32. Nf6 Bb5+ 33. Kd4 Bc4 34. f5 Bb5 35. fxe6 fxe6 36. g5 Kf7 37. Nh5 Kg6 38. Nf4+ Kf5 39. g6 Be8 40. g7 Bf7 41. Nh5 Kg6 42. Nf6 Kxg7 43. Nd7 Be8 44. Nxb6 Kg6 45. Kc5 Kf5 46. Kd6 d4 47. Nc4 Bb5 48. Nb2 Be2 49. Nd3 Bd1 50. Ne1 Be2 51. Nd3 Bd1 52. Ne1 Be2 53. Nd3 Bd1 1/2-1/2